[Event "ZN-2010-0-01220"]
[Site "LSS email"]
[Date "2010.11.24"]
[Round "?"]
[White "Lauer, Fredric"]
[Black "Konogray, Andrey"]
[Result "1-0"]
[WhiteElo "944"]
[BlackElo "800"]
[PlyCount "39"]
[EventDate "2010.11.15"]
[EventType "match (corr)"]
[EventRounds "2"]
[EventCountry "GER"]
[SourceTitle "Telechess CBM 147"]
[Source "ChessBase"]
[SourceDate "2012.03.16"]
[SourceVersion "1"]
[SourceVersionDate "2012.03.16"]
[SourceQuality "1"]

1. e4 e5 2. Nf3 Nc6 3. Bb5 Nd4 4. Nxd4 exd4 5. Bc4 Bc5 6. 0-0 Nf6 7. e5 Ne4 8. Bxf7+ Kxf7 9. Qf3+ Kg8 10. Qxe4 d5 11. exd6 Qxd6 12. d3 Be6 13. Bf4 Qb6 14. Bxc7 Qxb2 15. Qxe6+ Kf8 16. Qf5+ Kg8 17. Qe6+ Kf8 18. Bd6+ Bxd6 19. Qxd6+ Ke8 20. Re1+ 1-0

[Event "OP-2010-0-01278"]
[Site "LSS email"]
[Date "2010.10.02"]
[Round "?"]
[White "Roegiers, Ludo"]
[Black "Konogray, Andrey"]
[Result "1-0"]
[WhiteElo "1191"]
[BlackElo "656"]
[PlyCount "71"]
[EventDate "2010.09.28"]
[EventType "tourn (corr)"]
[EventRounds "4"]
[EventCountry "GER"]
[SourceTitle "Telechess CBM 145"]
[Source "Chessbase"]
[SourceDate "2011.11.11"]
[SourceVersion "1"]
[SourceVersionDate "2011.11.11"]
[SourceQuality "1"]

1. d4 e6 2. e4 Nf6 3. Bg5 h6 4. Bxf6 Qxf6 5. c3 Bd6 6. e5 Qf4 7. exd6 cxd6 8. Nf3 0-0 9. Bd3 e5 10. Nbd2 b6 11. 0-0 Re8 12. Re1 Bb7 13. Ne4 Nc6 14. Nxd6 Re6 15. Nxb7 Nb4 16. cxb4 exd4 17. Rxe6 dxe6 18. Qe2 Re8 19. Qe5 Qg4 20. Qe4 Qxe4 21. Bxe4 f5 22. Bc6 Rc8 23. Ne5 Kh7 24. f4 Rc7 25. Rd1 a6 26. Rxd4 b5 27. Rd7 Rxd7 28. Bxd7 g5 29. fxg5 hxg5 30. Bxe6 f4 31. Bf5+ Kg7 32. Ng4 Kf7 33. Kf2 Ke7 34. Kf3 Kf7 35. Ke4 Ke7 36. Kd5 1-0

[Event "OP-2010-0-01277"]
[Site "LSS email"]
[Date "2010.09.30"]
[Round "?"]
[White "Konogray, Andrey"]
[Black "Fineboim, Igor"]
[Result "0-1"]
[WhiteElo "800"]
[BlackElo "2101"]
[PlyCount "56"]
[EventDate "2010.09.27"]
[EventType "tourn (corr)"]
[EventRounds "4"]
[EventCountry "GER"]
[SourceTitle "Telechess CBM 143"]
[Source "ChessBase"]
[SourceDate "2011.07.15"]
[SourceVersion "1"]
[SourceVersionDate "2011.07.15"]
[SourceQuality "1"]

1. e4 c5 2. c4 Nc6 3. Nc3 g6 4. d3 Bg7 5. Na4 b6 6. Be2 e6 7. Nf3 Nge7 8. Be3 Bb7 9. d4 d6 10. d5 Ne5 11. Bg5 0-0 12. 0-0 Nxf3+ 13. Bxf3 f6 14. Be3 f5 15. exf5 Rxf5 16. Bg4 exd5 17. cxd5 Rxd5 18. Qb3 Bc8 19. Bxc8 Rxc8 20. Bg5 c4 21. Qb4 Rxg5 22. Rad1 Nf5 23. b3 Rxg2+ 24. Kxg2 Qg5+ 25. Kh1 Nh4 26. Rg1 Qh5 27. Rxd6 Qf3+ 28. Rg2 Qxg2# 0-1